000 01236nam a2200373Ia 4500
001 dia_3558
003 CHAP
005 20251027145039.0
008 220117s2002 xx 000 0 und d
010 _a174017
020 _a970-10-3648-4
040 _cCHAP
082 _a660.2 M33 2002
100 _aMcCabe, Warren L.
_973358
245 _aOperaciones unitarias en Ingeniería Química /
_c Warren L. McCabe, Julian C. Smith y Peter Harriott ; traducción María Aurora Lanto Arriola
250 _a6a ed.
260 _aMéxico :
_b McGraw-Hill,
_c2002
300 _axvii, 1199 p.
500 _aTítulo original: Unit Operations of Chemical Engineering
503 _aC/e
504 _aIncluye bibliografías
590 _aTP155.7 M33 2002
650 _aChemical processes
_9150865
650 _aIngeniería química
_958271
650 _aMecánica de fluidos
_973821
650 _aProcesos químicos
_991828
700 _aHarriot, Peter, coaut.
_9154906
700 _aLanto Arriola, María Aurora, tr.
_9154907
700 _aSmith, Julian C., coaut.
_9152780
901 _a660.2 M33 2002
902 _aM
905 _a5232272002 mx imn 8222223322spa16
942 _cLIBRO
_2ddc
999 _c174017
_d174017